| 000 | 00663cam a22002531 4500 | ||
|---|---|---|---|
| 001 | 7683 | ||
| 003 | BD-RjUL | ||
| 005 | 20211208234445.0 | ||
| 008 | 150114s1963 ilua 001 0 eng | ||
| 035 | _a(BD-RjUL)7727 | ||
| 035 | _a(OCoLC)5254483 | ||
| 040 |
_aDLC _cNSySU-M _dNSySU-M _dDLC _beng |
||
| 041 | _aeng | ||
| 082 |
_a311.2 _bSME |
||
| 100 | 1 |
_aSmart, J. V. _923949 |
|
| 245 | 1 | 0 | _aElements of medical statistics. |
| 260 |
_aSpringfield, Ill. : _bThomas , _cc1963. |
||
| 300 |
_a136 p. : _btables ; _c23 cm. |
||
| 504 | _a Includes index. | ||
| 650 | 0 |
_aMedical statistics. _920465 |
|
| 942 |
_2ddc _cBK |
||
| 999 |
_c7683 _d7683 |
||